000 00372nam a2200145 4500
082 0 0 _a671.5/2
110 1 _aBritish Columbia.
_950239
245 1 0 _aWelding manual.
250 _a1st ed.
260 _a[Victoria, B.C.]
_c1970.
300 _a1 v. (various pagings)
_billus.
_c28 cm.
526 _a0
_b0
_c0
_d671_520000000000000
650 0 _aWelding.
_9189
942 _2ddc
_cBK
999 _c552966
_d552966